000 00442nam a22001457a 4500
008 241213b |||||||| |||| 00| 0 eng d
020 _a9788186423493
100 _aBehn, Aphra.
245 _aThe Rover :
_bEdited by Asha S. Kanwar & Anand Prakash
260 _aNew Delhi :
_bWorldview Publications,
_c2007.
300 _axxxi, p. 179;
_c21.5 Cm.
700 _aKanwar, S. Asha.
_eEditor.
700 _aPrakash, Anand.
_eEditor.
942 _2ddc
999 _c10114
_d10115